| 000 | 01283nam a2200289 a 4500 | ||
|---|---|---|---|
| 001 | BRCA_8685 | ||
| 005 | 20190320210352.0 | ||
| 008 | 081216s1850----fr-a######---#000-0#spa-# | ||
| 041 | _aspa | ||
| 044 | _afr | ||
| 050 | 4 |
_aBX2050 _b.L38 _c1850 |
|
| 100 | 1 |
_aLavalle, J. A. de _921657 |
|
| 245 | 1 | 0 |
_aOraciones para asistir al santo sacrificio de la misa y para recibir los santos sacramentos de la penitencia y sacrada comunión _cJ. A. de Lavalle. |
| 260 |
_aParís _bRosa Bouret y Ca _c1850 |
||
| 300 |
_a453 p. _bil. _c13 cm |
||
| 500 | _aFondo antiguo | ||
| 500 | _aSe encuentra en Caja Fuerte | ||
| 500 | _aLAR00001 | ||
| 500 | _aIncluye 12 láminas finas | ||
| 500 | _aIncluye índice | ||
| 500 | _aNota de encuadernación: de lujo en concha nacar, lomo en tercipelo negro, con aplicaciones y broche en plata, edición de cantos dorados, se conserva en caja de piel con broches | ||
| 505 | 0 | _aNueva edición sola completa, aumentada con la semana santa y el ejercicio de ayuda a bien morir; puesta en castellano la parte latina para mayor inteligencia | |
| 506 | 0 | _aFondo reservado: para su consulta es necesario credencial de usuario y carta de motivos | |
| 650 | 1 | 4 |
_aIglesia católica _eLibros de oraciones y devociones _915525 |
| 902 | _aLAR | ||
| 942 |
_2lcc _cB |
||
| 999 |
_c8340 _d8340 |
||